[Event "Feffernitz op 31st"]
[Site "Feffernitz"]
[Date "2022.08.10"]
[Round "6"]
[White "Iberl, Michael"]
[Black "Hoffmann, Achim Gunter"]
[Result "0-1"]
[WhiteElo "2029"]
[BlackElo "2125"]
[PlyCount "90"]
[EventDate "2022.08.06"]
[EventType "swiss"]
[EventRounds "9"]
[EventCountry "AUT"]
[SourceTitle "CBM 209 Extra"]
[Source "ChessBase"]
[SourceDate "2022.09.30"]
[SourceVersion "1"]
[SourceVersionDate "2022.09.30"]
[SourceQuality "1"]

1. Nf3 Nf6 2. d4 c5 3. g3 e6 4. Bg2 d5 5. 0-0 Nc6 6. c4 Bd6 7. Nc3 cxd4 8. Nxd4 Nxd4 9. Qxd4 e5 10. Qh4 d4 11. Nb5 Be7 12. Qg5 a6 13. Na3 Ng4 14. Qd2 Qb6 15. h3 Nh6 16. e3 0-0 17. exd4 exd4 18. Qe2 Nf5 19. g4 Bxa3 20. gxf5 Bc5 21. Qh5 Qf6 22. Be4 Qe5 23. Bd3 Bd6 24. f4 Qf6 25. Rf2 Bd7 26. Rg2 Bc6 27. Rg3 Rfe8 28. Bd2 Be4 29. Bxe4 Rxe4 30. Rf1 Rc8 31. Rf2 Rc5 32. Rg5 h6 33. b4 Rxc4 34. Rg4 Bxb4 35. Bxb4 Rxb4 36. Rfg2 Rb5 37. Rxg7+ Qxg7 38. Rxg7+ Kxg7 39. f6+ Kxf6 40. Qxh6+ Ke7 41. Qh4+ Kd7 42. Qh7 Rxf4 43. h4 Rff5 44. Qh8 d3 45. Qd4+ Rbd5 0-1

[Event "Innsbruck op 5th"]
[Site "Innsbruck"]
[Date "2021.08.24"]
[Round "5"]
[White "Iberl, Michael"]
[Black "Hoekstra, Peter"]
[Result "1-0"]
[WhiteElo "2195"]
[BlackElo "2019"]
[PlyCount "39"]
[EventDate "2021.08.21"]
[EventType "swiss"]
[EventRounds "9"]
[EventCountry "AUT"]
[SourceTitle "CBM 204 Extra"]
[Source "ChessBase"]
[SourceDate "2021.11.30"]
[SourceVersion "1"]
[SourceVersionDate "2021.11.30"]
[SourceQuality "1"]

1. d4 d5 2. Nf3 Nf6 3. c4 c6 4. g3 Bf5 5. Bg2 e6 6. 0-0 h6 7. Nc3 Be7 8. b3 0-0 9. Bb2 Nbd7 10. Nd2 Qb6 11. e4 dxe4 12. Ncxe4 Nxe4 13. Nxe4 Nf6 14. f3 e5 15. c5 Qc7 16. Nd6 Be6 17. dxe5 Nd7 18. b4 Bd5 19. f4 Bxg2 20. Kxg2 1-0

[Event "Innsbruck op 5th"]
[Site "Innsbruck"]
[Date "2021.08.22"]
[Round "2"]
[White "Koepke, Christian"]
[Black "Iberl, Michael"]
[Result "1-0"]
[WhiteElo "2340"]
[BlackElo "2195"]
[PlyCount "33"]
[EventDate "2021.08.21"]
[EventType "swiss"]
[EventRounds "9"]
[EventCountry "AUT"]
[SourceTitle "CBM 204 Extra"]
[Source "ChessBase"]
[SourceDate "2021.11.30"]
[SourceVersion "1"]
[SourceVersionDate "2021.11.30"]
[SourceQuality "1"]

1. e4 d5 2. exd5 Qxd5 3. Nc3 Qa5 4. d4 c6 5. Bc4 Nf6 6. Bd2 Bf5 7. Qe2 Qb6 8. Nf3 Nbd7 9. 0-0-0 Bg6 10. Ne5 Qxd4 11. Nxd7 Nxd7 12. Be3 Qe5 13. f4 Qa5 14. g4 Nf6 15. f5 Bxf5 16. gxf5 Qxf5 17. Nb5 1-0

[Event "DSOL 03 Liga Gr-B 1st"]
[Site "Playchess.com INT"]
[Date "2020.07.16"]
[Round "4.2"]
[White "Iberl, Michael"]
[Black "Klapper, Juergen"]
[Result "1-0"]
[WhiteElo "2015"]
[BlackElo "1795"]
[PlyCount "115"]
[EventDate "2020.06.22"]
[EventType "team-tourn (rapid)"]
[EventCountry "GER"]
[SourceTitle "EXT 2021"]
[Source "ChessBase"]
[SourceDate "2020.10.23"]
[SourceVersion "1"]
[SourceVersionDate "2020.10.23"]
[SourceQuality "1"]
[WhiteTeam "Dachau"]
[BlackTeam "Graefelfing"]
[WhiteTeamCountry "GER"]
[BlackTeamCountry "GER"]

1. d4 Nf6 2. Nf3 g6 3. g3 d6 4. Bg2 Bg7 5. 0-0 0-0 6. c4 c5 7. Nc3 Nc6 8. h3 Nd7 9. e3 Nb6 10. b3 a5 11. a4 Nb4 12. Bb2 Bd7 13. Kh2 Bc6 14. e4 cxd4 15. Nxd4 Nd7 16. Nd5 Bxd5 17. exd5 Nc5 18. Bc3 Qb6 19. f4 Nbd3 20. Rb1 Rae8 21. Qd2 Nb4 22. Nb5 Bxc3 23. Qxc3 f5 24. Rbd1 Rf6 25. Rfe1 Qd8 26. Re3 Ref8 27. Rde1 R8f7 28. Nd4 Qd7 29. R1e2 h6 30. Qe1 Kf8 31. Ne6+ Ke8 32. Nxc5 dxc5 33. Re6 Kf8 34. Qc3 Kg8 35. Qe5 Nd3 36. Qe3 Nb4 37. Qxc5 Qd8 38. Rxe7 Rxe7 39. Qxe7 Qxe7 40. Rxe7 Rb6 41. Re6 Rxe6 42. dxe6 Nc6 43. Bd5 Kf8 44. Kg2 Ke7 45. Kf2 Kd6 46. Ke3 Nd8 47. Kd4 b6 48. e7 Kxe7 49. Ke5 Kd7 50. Kf6 g5 51. Kxf5 Kd6 52. Kg6 gxf4 53. gxf4 Kc5 54. f5 Kb4 55. f6 Kxb3 56. c5+ Kxa4 57. cxb6 Kb5 58. b7 1-0